000 00676nam a22002177a 4500
003 UA-OsUOA
001 74681
007 ta
008 20110414b un ||||| |||| 00| 0 ukr d
100 _aВовк І.С.
090 _a330(477)
_bВ61
942 _cSA
040 _aUA-OsUOA
_bukr
_cUA-OsUOA
_dUA-OsUOA
245 _aРоль бюджетного федералізму в регулюванні соціально-економічного розвитку регіонів
300 _aС.65-70
955 _a0
041 _aukr
080 _a330(477)
773 0 _w74677
_tЕкономіка АПК
_dК.
_d2011
_g4
650 7 _a330 Економіка взагалі
_2UDC
999 _c360969
_d360969